00773 a2200169 4500003000500000005001700005040000900022082001500031100002200046245003200068260002300100300001000123505031600133942001200449999001900461952012300480Nust20221215141259.0 cNust a133.5, SEP aSepharial9104978 aThe Daily Guide:cSepharial alondonbW.Foulsham a95,p; aIntroduction (Page-7), Solar Revolution (Page-14), The Lunar Revolution(Page-22), The Diurnal Horoscope (Page-30), Various Signals (Page-38), Method Of Working (Page-46), The House Of Heaven (Page-57), A Cardinal Example (Page-65), Radix And Revolution (Page-76), Transit (Page-84), Lunar Indications (Page-87). 2ddccBK c193699d193699 00102ddc4070aMCSbMCScGENd2016-12-12o133.5,SEPpMCS30141r2016-12-08w2016-12-12yBKzAlmirah No.46, Shelf No.2